Punjab education code: grant in aid fee, scholarship, general and recognition rules and appendices (Record no. 414246)

000 -LEADER
fixed length control field 00349cam a22000977a 4500
008 - FIXED-LENGTH DATA ELEMENTS--GENERAL INFORMATION
fixed length control field 180718b1959 xxu||||| |||| 00| 0 eng d
082 ## - DEWEY DECIMAL CLASSIFICATION NUMBER
Classification number P00x5433 p969
245 ## - TITLE STATEMENT
Title Punjab education code: grant in aid fee, scholarship, general and recognition rules and appendices
260 ## - PUBLICATION, DISTRIBUTION, ETC.
Place of publication, distribution, etc. Chandigarh
Name of publisher, distributor, etc. The Controller printing and stationery
Date of publication, distribution, etc. 1959
300 ## - PHYSICAL DESCRIPTION
Extent 148p.
Holdings
Withdrawn status Lost status Damaged status Not for loan Permanent Location Current Location Date acquired Full call number Barcode Date last seen Price effective from Koha item type
        Indian Institute of Public Administration Indian Institute of Public Administration 2009-02-23 P00x5433 p969 27664 2018-07-21 2018-07-21 Book

Powered by Koha